[Event "Titled Tuesday intern op 27th Jun Early"]
[Site "Chess.com INT"]
[Date "2023.06.27"]
[Round "9"]
[White "Akkarakaran, John Veny"]
[Black "Ritvin, Stanislav"]
[Result "1-0"]
[WhiteElo "2044"]
[BlackElo "2245"]
[PlyCount "49"]
[EventDate "2023.06.27"]
[EventType "swiss (blitz)"]
[EventRounds "11"]
[EventCountry "USA"]
[SourceTitle "EXT 2024"]
[Source "ChessBase"]
[SourceDate "2023.10.10"]
[SourceVersion "1"]
[SourceVersionDate "2023.10.10"]
[SourceQuality "1"]

1. e4 e5 2. Nf3 Nc6 3. Bb5 Nf6 4. 0-0 Nxe4 5. d4 Nd6 6. Ba4 exd4 7. c3 Be7 8. cxd4 0-0 9. d5 Nb8 10. Nc3 Bf6 11. Bf4 Bxc3 12. bxc3 Ne4 13. Qd4 f5 14. d6 cxd6 15. Bb3+ Kh8 16. Rfe1 Nc6 17. Qd3 Qf6 18. Rac1 Ne5 19. Qe3 Ng4 20. Qe2 Ngxf2 21. h3 Qg6 22. Kh2 Qh5 23. Kg1 Rf6 24. Ng5 h6 25. Qxh5 1-0

[Event "Titled Tuesday intern op 27th Jun Early"]
[Site "Chess.com INT"]
[Date "2023.06.27"]
[Round "10"]
[White "Goryachkina, Aleksandra"]
[Black "Ritvin, Stanislav"]
[Result "1-0"]
[WhiteElo "2557"]
[BlackElo "2245"]
[PlyCount "73"]
[EventDate "2023.06.27"]
[EventType "swiss (blitz)"]
[EventRounds "11"]
[EventCountry "USA"]
[SourceTitle "EXT 2024"]
[Source "ChessBase"]
[SourceDate "2023.10.10"]
[SourceVersion "1"]
[SourceVersionDate "2023.10.10"]
[SourceQuality "1"]

1. e4 e5 2. Nf3 Nc6 3. Bc4 Bc5 4. c3 Nf6 5. d3 d6 6. Nbd2 a6 7. a4 h6 8. h3 Ba7 9. Nf1 Ne7 10. Ng3 Ng6 11. d4 0-0 12. 0-0 Re8 13. Re1 c6 14. Bb3 Be6 15. Bc2 Qc7 16. Be3 b5 17. Qd2 Bb6 18. Nf5 exd4 19. N3xd4 Bd7 20. Bxh6 Bxd4 21. cxd4 Nh5 22. Be3 Nf6 23. Ng3 c5 24. dxc5 dxc5 25. Bg5 Nh7 26. Rad1 Bc6 27. Be3 c4 28. f4 Qb7 29. Qf2 Nf6 30. e5 Nd5 31. Bc1 Nb4 32. Bb1 Rad8 33. Nh5 Nd3 34. Bxd3 cxd3 35. Qg3 bxa4 36. f5 d2 37. Bxd2 1-0

[Event "Titled Tuesday intern op 27th Jun Early"]
[Site "Chess.com INT"]
[Date "2023.06.27"]
[Round "11"]
[White "Ritvin, Stanislav"]
[Black "Arhan, Chethan Anand"]
[Result "1-0"]
[WhiteElo "2245"]
[BlackElo "2342"]
[PlyCount "105"]
[EventDate "2023.06.27"]
[EventType "swiss (blitz)"]
[EventRounds "11"]
[EventCountry "USA"]
[SourceTitle "EXT 2024"]
[Source "ChessBase"]
[SourceDate "2023.10.10"]
[SourceVersion "1"]
[SourceVersionDate "2023.10.10"]
[SourceQuality "1"]

1. e4 b6 2. d4 Bb7 3. Bd3 Nf6 4. Nd2 e6 5. Ne2 c5 6. c3 Be7 7. 0-0 d6 8. f4 Nc6 9. a3 Qc7 10. b4 cxd4 11. cxd4 Nxd4 12. Nxd4 Qc3 13. Bb5+ Kf8 14. N2b3 Nxe4 15. Qe2 Qc7 16. Bb2 d5 17. Rac1 Qd6 18. Bd3 Nf6 19. Nb5 Qd8 20. Be5 Nd7 21. f5 Nxe5 22. Qxe5 Bf6 23. Qd6+ Kg8 24. fxe6 fxe6 25. Qxe6+ Kf8 26. Qd6+ Kg8 27. Rc7 Bc8 28. Rfc1 Bg4 29. h3 Qxd6 30. Nxd6 Be6 31. Re1 Bd8 32. Rb7 Bf6 33. Rxe6 h5 34. Re8+ Rxe8 35. Nxe8 Bb2 36. Rxa7 Rh6 37. Nc7 Rc6 38. Nxd5 Rd6 39. Ne7+ Kf8 40. Ng6+ Ke8 41. Re7+ Kd8 42. Re3 Bxa3 43. b5 Bb2 44. Kf1 Rf6+ 45. Ke2 Rd6 46. Ne5 Kc7 47. Nc4 Bd4 48. Nxd6 Bxe3 49. Kxe3 Kxd6 50. Kd4 Ke6 51. Nd2 g5 52. Nc4 g4 53. Nxb6 1-0

[Event "Titled Tuesday intern op 27th Jun Early"]
[Site "Chess.com INT"]
[Date "2023.06.27"]
[Round "2"]
[White "Ritvin, Stanislav"]
[Black "Luxama, Jacques Muller"]
[Result "1-0"]
[WhiteElo "2245"]
[BlackElo "1933"]
[PlyCount "75"]
[EventDate "2023.06.27"]
[EventType "swiss (blitz)"]
[EventRounds "11"]
[EventCountry "USA"]
[SourceTitle "EXT 2024"]
[Source "ChessBase"]
[SourceDate "2023.10.10"]
[SourceVersion "1"]
[SourceVersionDate "2023.10.10"]
[SourceQuality "1"]

1. e4 e6 2. d4 d5 3. Nc3 Bb4 4. e5 c5 5. a3 Bxc3+ 6. bxc3 Qa5 7. Bd2 Qa4 8. Qb1 a6 9. Qb3 Qc6 10. Nf3 Ne7 11. Be2 0-0 12. 0-0 Nd7 13. Rab1 b5 14. a4 bxa4 15. Qa3 f6 16. exf6 Nxf6 17. Ne5 Qc7 18. Be3 c4 19. Qxa4 Nd7 20. Nf3 Nf6 21. Nd2 Bd7 22. Qb4 Nf5 23. Bg5 Rfb8 24. Qa3 a5 25. g3 a4 26. Bf4 Qc8 27. Rxb8 Rxb8 28. Bxb8 Qxb8 29. Rb1 Qe8 30. Nf3 Ne4 31. Ne5 Nfd6 32. f3 Nd2 33. Rd1 Nb5 34. Qb4 Nb3 35. cxb3 axb3 36. Ra1 h6 37. Bd1 Kh7 38. Ra5 1-0

[Event "Titled Tuesday intern op 29th Sept"]
[Site "Chess.com INT"]
[Date "2020.09.29"]
[Round "4"]
[White "Weetik, Vjacheslav"]
[Black "Ritvin, Stanislav"]
[Result "1-0"]
[WhiteElo "2423"]
[BlackElo "2245"]
[PlyCount "61"]
[EventDate "2020.09.29"]
[EventType "swiss (blitz)"]
[EventRounds "10"]
[EventCountry "USA"]
[SourceTitle "CBM 198 Extra"]
[Source "ChessBase"]
[SourceDate "2020.11.30"]
[SourceVersion "1"]
[SourceVersionDate "2020.11.30"]
[SourceQuality "1"]

1. d4 e6 2. e4 d5 3. Nc3 Bb4 4. e5 b6 5. Qg4 Bf8 6. Bg5 Ne7 7. Bb5+ c6 8. Ba4 a5 9. a3 h6 10. Bh4 Ba6 11. Nge2 b5 12. Bb3 c5 13. dxc5 Nd7 14. 0-0-0 Nxe5 15. Qh5 N5g6 16. Bg3 Nf5 17. Nxd5 Nxg3 18. Nxg3 Bxc5 19. Ne4 exd5 20. Rxd5 Qe7 21. Nxc5 0-0 22. Qxg6 fxg6 23. Rd7+ Qf7 24. Rxf7 Rxf7 25. Rd1 Kf8 26. Bxf7 Kxf7 27. Rd7+ Kg8 28. Ne6 Bc8 29. Rxg7+ Kh8 30. Rxg6 Ra6 31. Nf4 1-0

[Event "Titled Tuesday intern op 18th Aug"]
[Site "Chess.com INT"]
[Date "2020.08.18"]
[Round "8"]
[White "Goryachkina, Aleksandra"]
[Black "Ritvin, Stanislav"]
[Result "1-0"]
[WhiteElo "2582"]
[BlackElo "2245"]
[PlyCount "115"]
[EventDate "2020.08.18"]
[EventType "swiss (blitz)"]
[EventRounds "10"]
[EventCountry "USA"]
[SourceTitle "CBM 197 Extra"]
[Source "ChessBase"]
[SourceDate "2020.09.30"]
[SourceVersion "1"]
[SourceVersionDate "2020.09.30"]
[SourceQuality "1"]

1. e4 e6 2. d4 d5 3. exd5 exd5 4. Bd3 Nc6 5. c3 Bd6 6. Qf3 Nge7 7. Ne2 Be6 8. Bf4 0-0 9. 0-0 Re8 10. Nd2 Ng6 11. Bxd6 Qxd6 12. Qh5 Nce7 13. h3 h6 14. f4 f5 15. Rae1 Bf7 16. Qf3 Qf6 17. Ng3 Nh4 18. Qf2 c6 19. Re5 Neg6 20. Nh5 Qd8 21. Rxe8+ Bxe8 22. g3 Ne7 23. Nxg7 Kxg7 24. gxh4 Bd7 25. Kh2 Kh7 26. Nf3 Ng6 27. Ne5 Be6 28. h5 Nf8 29. Rg1 Qf6 30. Rg3 Rc8 31. Qg2 Rc7 32. Nf3 Rg7 33. Rxg7+ Qxg7 34. Qxg7+ Kxg7 35. Kg3 Kf6 36. Ne5 Bc8 37. Kf3 Ne6 38. Ke3 Ng7 39. Be2 Be6 40. b3 Bc8 41. Bf3 Be6 42. c4 Ne8 43. c5 Ng7 44. b4 Bf7 45. a4 Bxh5 46. Bxh5 Nxh5 47. b5 cxb5 48. axb5 Ke7 49. c6 b6 50. Nf7 Ng7 51. Nxh6 a6 52. bxa6 Ne6 53. a7 Nc7 54. Nxf5+ Ke6 55. Ng7+ Ke7 56. h4 Kf7 57. Nf5 Ke6 58. Ng3 1-0

[Event "Titled Tuesday intern op 18th Aug"]
[Site "Chess.com INT"]
[Date "2020.08.18"]
[Round "3"]
[White "Ponikarovsky, Alexey"]
[Black "Ritvin, Stanislav"]
[Result "1-0"]
[WhiteElo "1939"]
[BlackElo "2245"]
[PlyCount "121"]
[EventDate "2020.08.18"]
[EventType "swiss (blitz)"]
[EventRounds "10"]
[EventCountry "USA"]
[SourceTitle "CBM 197 Extra"]
[Source "ChessBase"]
[SourceDate "2020.09.30"]
[SourceVersion "1"]
[SourceVersionDate "2020.09.30"]
[SourceQuality "1"]

1. e4 e6 2. d4 d5 3. exd5 exd5 4. Nf3 Nc6 5. c4 Nf6 6. Nc3 Be7 7. cxd5 Nxd5 8. Be2 Be6 9. 0-0 0-0 10. Be3 Bf6 11. Qd2 Re8 12. Rac1 Bg4 13. h3 Bh5 14. Nxd5 Qxd5 15. Rc5 Bxf3 16. Rxd5 Bxd5 17. b3 Rad8 18. Rd1 Be6 19. Bb5 Rd6 20. Bxc6 bxc6 21. Qa5 Red8 22. Qxc7 h6 23. Qxa7 R8d7 24. Qc5 Rd8 25. Rd3 Bd5 26. a4 Be7 27. Qc3 Rg6 28. g3 h5 29. Bf4 h4 30. a5 hxg3 31. Rxg3 Rxg3+ 32. Bxg3 Ra8 33. b4 f6 34. Bc7 Kf7 35. Bb6 Bd6 36. Bc5 Bf4 37. Qd3 Re8 38. Kf1 Be4 39. Qa6 Bf3 40. Qc4+ Bd5 41. Qc2 Be4 42. Qd1 Bd5 43. Kg1 f5 44. Qh5+ g6 45. Qd1 Ra8 46. h4 g5 47. h5 g4 48. Qe2 Re8 49. Qd1 Ra8 50. Qb1 Kf6 51. b5 Rh8 52. Qe1 Be4 53. f3 gxf3 54. Qh4+ Bg5 55. Be7+ Kxe7 56. Qxg5+ Ke6 57. Qg6+ Kd5 58. Qf7+ Kxd4 59. Qf6+ Ke3 60. Qc3+ Kf4 61. Qxh8 1-0

[Event "Titled Tuesday intern op 18th Aug"]
[Site "Chess.com INT"]
[Date "2020.08.18"]
[Round "9"]
[White "Ritvin, Stanislav"]
[Black "Mendonca, Leon Luke"]
[Result "0-1"]
[WhiteElo "2245"]
[BlackElo "2472"]
[PlyCount "94"]
[EventDate "2020.08.18"]
[EventType "swiss (blitz)"]
[EventRounds "10"]
[EventCountry "USA"]
[SourceTitle "CBM 197 Extra"]
[Source "ChessBase"]
[SourceDate "2020.09.30"]
[SourceVersion "1"]
[SourceVersionDate "2020.09.30"]
[SourceQuality "1"]

1. e4 g6 2. d4 Bg7 3. c4 c5 4. Nf3 cxd4 5. Nxd4 Nc6 6. Be3 Nf6 7. Nc3 Ng4 8. Qxg4 Nxd4 9. Qd1 Nc6 10. Bd3 0-0 11. Rc1 d6 12. Qd2 Be6 13. 0-0 Ne5 14. b3 Nxd3 15. Qxd3 a6 16. f4 f5 17. exf5 Bxf5 18. Qd5+ Kh8 19. Qxb7 Qa5 20. Na4 Rab8 21. Qd5 Qxd5 22. cxd5 Rb5 23. Rfd1 Be4 24. Nc3 Bxc3 25. Rxc3 Rxd5 26. Rxd5 Bxd5 27. Rc7 Re8 28. Ra7 Kg8 29. Rxa6 Rc8 30. Ra7 Kf7 31. Ra5 Ke6 32. g4 Rc2 33. h3 Re2 34. Bd4 Be4 35. b4 Rg2+ 36. Kf1 Rd2 37. Be3 Rb2 38. a3 Bg2+ 39. Ke1 Bxh3 40. g5 Bg2 41. b5 Kf5 42. b6+ Ke4 43. Bd2 Kd3 44. Bb4 Ke3 45. Kd1 Be4 46. Bc5+ dxc5 47. Rxc5 Rxb6 0-1

[Event "Titled Tuesday intern op 11th Aug"]
[Site "Chess.com INT"]
[Date "2020.08.11"]
[Round "4"]
[White "Ritvin, Stanislav"]
[Black "Wagner, Dennis"]
[Result "1-0"]
[WhiteElo "2245"]
[BlackElo "2581"]
[PlyCount "45"]
[EventDate "2020.08.11"]
[EventType "swiss (blitz)"]
[EventRounds "10"]
[EventCountry "USA"]
[SourceTitle "CBM 197 Extra"]
[Source "ChessBase"]
[SourceDate "2020.09.30"]
[SourceVersion "1"]
[SourceVersionDate "2020.09.30"]
[SourceQuality "1"]

1. d4 Nf6 2. c4 g6 3. Nc3 Bg7 4. e4 0-0 5. Nf3 d6 6. Be2 e5 7. 0-0 Nc6 8. d5 Ne7 9. Ne1 Nd7 10. Be3 f5 11. f3 f4 12. Bf2 g5 13. a4 a5 14. Nd3 b6 15. b4 Kh8 16. Nb5 Rg8 17. bxa5 Rxa5 18. Be1 Ra8 19. a5 Bf6 20. axb6 Rxa1 21. bxc7 Rxd1 22. cxd8Q Rf8 23. Qxf8+ 1-0

[Event "Titled Tuesday intern op 4th Aug 10am"]
[Site "Chess.com INT"]
[Date "2020.08.04"]
[Round "8"]
[White "Peyrer, Konstantin"]
[Black "Ritvin, Stanislav"]
[Result "1-0"]
[WhiteElo "2247"]
[BlackElo "2245"]
[PlyCount "55"]
[EventDate "2020.08.04"]
[EventType "swiss (blitz)"]
[EventRounds "10"]
[EventCountry "USA"]
[SourceTitle "CBM 197 Extra"]
[Source "ChessBase"]
[SourceDate "2020.09.30"]
[SourceVersion "1"]
[SourceVersionDate "2020.09.30"]
[SourceQuality "1"]

1. d4 e6 2. Bf4 c5 3. e3 Qb6 4. Nc3 Qxb2 5. Nb5 Na6 6. a3 cxd4 7. exd4 Nf6 8. Bc4 d5 9. Bb3 Bd7 10. Rb1 Qxb1 11. Qxb1 Bxb5 12. Bxd5 Nxd5 13. Qxb5+ Kd8 14. Qxb7 Nac7 15. Bxc7+ Nxc7 16. Nf3 Bd6 17. 0-0 Ke7 18. c4 Rhb8 19. Qe4 Bxa3 20. Qh4+ Kf8 21. Qxh7 Ne8 22. d5 exd5 23. cxd5 Bb4 24. Ne5 Rb5 25. Qh8+ Ke7 26. Nc6+ Kd6 27. Nxb4 Rxb4 28. Qf8+ 1-0

[Event "Internet Section 14-B"]
[Site "Dos Hermanas"]
[Date "2003.03.14"]
[Round "5"]
[White "Fernando, Diogo"]
[Black "Ritvin, Stanislav"]
[Result "1-0"]
[WhiteElo "2423"]
[BlackElo "2250"]
[PlyCount "81"]
[EventDate "2003.03.14"]
[EventType "swiss (blitz)"]
[EventRounds "9"]
[EventCountry "ESP"]
[SourceTitle "EXT 2004"]
[Source "ChessBase"]
[SourceDate "2003.11.25"]
[SourceVersion "1"]
[SourceVersionDate "2003.11.25"]
[SourceQuality "1"]

1. e4 c6 2. d4 d5 3. e5 Bf5 4. Be3 e6 5. Nd2 c5 6. dxc5 Nd7 7. Bb5 Ne7 8. f4 Nc6 9. Bxc6 bxc6 10. b4 a5 11. c3 Be7 12. Ngf3 f6 13. 0-0 0-0 14. Bd4 fxe5 15. Nxe5 Nxe5 16. Bxe5 Bf6 17. Nb3 Bxe5 18. fxe5 axb4 19. cxb4 Qg5 20. Qd2 Qxd2 21. Nxd2 Ra4 22. a3 Rfa8 23. Nb3 Rxa3 24. Na5 Rxa1 25. Rxa1 Bd3 26. Ra3 Bb5 27. Kf2 Rf8+ 28. Rf3 Rxf3+ 29. Kxf3 Kf7 30. Nb3 Ke7 31. Nd4 Ba4 32. Kf4 Kd7 33. Kg5 Bd1 34. h4 Ba4 35. h5 Ke7 36. h6 g6 37. g3 Kf7 38. Kf4 Ke7 39. Nf3 Bc2 40. Ng5 d4 41. Nxh7 1-0

[Event "USA-ch U20"]
[Site "Dallas"]
[Date "2002.07.22"]
[Round "7"]
[White "Ritvin, Stanislav"]
[Black "Zaremba, Andrie"]
[Result "1/2-1/2"]
[WhiteElo "2279"]
[BlackElo "2321"]
[PlyCount "48"]
[EventDate "2002.07.18"]
[EventType "tourn"]
[EventRounds "9"]
[EventCountry "USA"]
[EventCategory "3"]
[SourceTitle "CBM 089 Extra"]
[Source "ChessBase"]
[SourceDate "2002.09.10"]
[SourceVersion "2"]
[SourceVersionDate "2002.09.10"]
[SourceQuality "1"]

1. e4 c5 2. Nf3 d6 3. d4 cxd4 4. Nxd4 Nf6 5. Nc3 g6 6. Be3 Bg7 7. f3 0-0 8. Qd2 Nc6 9. 0-0-0 d5 10. exd5 Nxd5 11. Nxc6 bxc6 12. Bd4 Bxd4 13. Qxd4 Qc7 14. Qc5 Nxc3 15. Qxc3 Be6 16. Kb1 Rfd8 17. Bc4 Bxc4 18. Qxc4 Rxd1+ 19. Rxd1 Qxh2 20. Qxc6 Rf8 21. g4 Qe2 22. Qd5 e6 23. Qd3 Qe5 24. Qd6 Qe2 1/2-1/2

[Event "World op 30th"]
[Site "Philadelphia"]
[Date "2002.07.05"]
[Round "7"]
[White "Ritvin, Stanislav"]
[Black "Rohde, Michael A"]
[Result "1/2-1/2"]
[WhiteElo "2279"]
[BlackElo "2506"]
[PlyCount "94"]
[EventDate "2002.06.29"]
[EventType "swiss"]
[EventRounds "9"]
[EventCountry "USA"]
[SourceTitle "CBM 089 Extra"]
[Source "ChessBase"]
[SourceDate "2002.09.10"]
[SourceVersion "2"]
[SourceVersionDate "2002.09.10"]
[SourceQuality "1"]

1. Nf3 d6 2. d4 Bg4 3. g3 Bxf3 4. exf3 e6 5. Bg2 Ne7 6. 0-0 g6 7. Re1 Bg7 8. d5 exd5 9. Qxd5 Nbc6 10. c3 0-0 11. Qb3 Na5 12. Qa4 c6 13. Bg5 Re8 14. Bxe7 Rxe7 15. Rxe7 Qxe7 16. Na3 Qd8 17. b4 Nc4 18. Nxc4 b5 19. Qb3 bxc4 20. Qxc4 d5 21. Qc5 Qb6 22. Rc1 Qxc5 23. bxc5 Bf8 24. f4 Rc8 25. c4 d4 26. Be4 Bxc5 27. Kg2 Bb4 28. Rb1 c5 29. a3 Bxa3 30. Ra1 Bb4 31. Rxa7 Rd8 32. Ra8 Rxa8 33. Bxa8 d3 34. Kf3 Kf8 35. Bd5 Ke7 36. Ke3 d2 37. Ke2 f6 38. Kd1 Bc3 39. Ke2 Kd6 40. Kd1 h6 41. Ke2 Ba5 42. Bf7 g5 43. fxg5 fxg5 44. f4 gxf4 45. gxf4 Ke7 46. Bd5 Kf6 47. Be4 Bc7 1/2-1/2

[Event "US Open-102"]
[Site "Framingham"]
[Date "2001.08.11"]
[Round "8"]
[White "Ritvin, Stanislav"]
[Black "Burrows, Brandon"]
[Result "1-0"]
[WhiteElo "2256"]
[BlackElo "2096"]
[PlyCount "67"]
[EventDate "2001.08.04"]
[EventType "swiss"]
[EventRounds "9"]
[EventCountry "USA"]
[SourceTitle "CBM 083 Extra"]
[Source "ChessBase"]
[SourceDate "2001.09.11"]
[SourceVersion "1"]
[SourceVersionDate "2001.09.11"]
[SourceQuality "1"]

1. e4 g6 2. d4 Bg7 3. c4 d6 4. Nc3 Nf6 5. Nf3 0-0 6. Be2 e5 7. 0-0 Nc6 8. d5 Ne7 9. Nd2 Nd7 10. b4 f5 11. f3 f4 12. c5 Nf6 13. Nc4 g5 14. Ba3 h5 15. b5 Ne8 16. b6 axb6 17. cxb6 cxb6 18. Qb3 g4 19. Rfb1 Ng6 20. Nxb6 Nh4 21. Nxa8 Qg5 22. Kh1 Nxg2 23. Rg1 Nh4 24. Nb5 g3 25. Bf1 Bg4 26. fxg4 hxg4 27. Rg2 Nxg2 28. Bxg2 gxh2 29. Nxd6 Nxd6 30. Bxd6 Rxa8 31. Qxb7 Ra4 32. Be7 Qg6 33. d6 Bf6 34. Qb3+ 1-0

[Event "World op 29th"]
[Site "Philadelphia"]
[Date "2001.07.05"]
[Round "3"]
[White "Donaldson, John W"]
[Black "Ritvin, Stanislav"]
[Result "1-0"]
[WhiteElo "2435"]
[BlackElo "2256"]
[PlyCount "41"]
[EventDate "2001.06.30"]
[EventType "swiss"]
[EventRounds "9"]
[EventCountry "USA"]
[SourceTitle "EXT 2002"]
[Source "ChessBase"]
[SourceDate "2001.11.25"]
[SourceVersion "1"]
[SourceVersionDate "2001.11.25"]
[SourceQuality "1"]

1. Nf3 d5 2. d4 Nf6 3. c4 dxc4 4. e3 e6 5. Bxc4 a6 6. 0-0 c5 7. Bb3 b5 8. a4 b4 9. e4 cxd4 10. e5 Nfd7 11. Nxd4 Nxe5 12. Be3 Nbc6 13. Nxc6 Qxd1 14. Rxd1 Nxc6 15. a5 Be7 16. Nd2 0-0 17. Nc4 e5 18. Ba4 Nd4 19. Nxe5 Nf5 20. Nc6 Bd6 21. Bb6 1-0

[Event "Philadelphia National op 31st"]
[Site "Philadelphia"]
[Date "2000.11.27"]
[Round "4"]
[White "Kaufman, Larry C"]
[Black "Ritvin, Stanislav"]
[Result "1-0"]
[WhiteElo "2397"]
[BlackElo "2240"]
[PlyCount "49"]
[EventDate "2000.11.26"]
[EventType "swiss"]
[EventRounds "6"]
[EventCountry "USA"]
[SourceTitle "CBM 079 Extra"]
[Source "ChessBase"]
[SourceDate "2001.01.11"]
[SourceVersion "2"]
[SourceVersionDate "2001.01.25"]
[SourceQuality "1"]

1. e4 e6 2. d3 d5 3. Qe2 Be7 4. Nf3 Nf6 5. g3 c5 6. Bg2 b6 7. e5 Nfd7 8. c4 Bb7 9. 0-0 d4 10. Nfd2 Bxg2 11. Kxg2 Qc7 12. f4 Nc6 13. Na3 0-0-0 14. Ne4 a6 15. Nc2 f6 16. exf6 gxf6 17. f5 e5 18. a3 b5 19. cxb5 axb5 20. b4 cxb4 21. axb4 Nb6 22. Na3 Rd5 23. Bh6 Bf8 24. Bxf8 Rxf8 25. Rfc1 1-0

[Event "US Open-101"]
[Site "Saint Paul"]
[Date "2000.08.11"]
[Round "7"]
[White "Ritvin, Stanislav"]
[Black "Shabalov, Alexander"]
[Result "0-1"]
[WhiteElo "2240"]
[BlackElo "2601"]
[PlyCount "74"]
[EventDate "2000.08.05"]
[EventType "swiss"]
[EventRounds "9"]
[EventCountry "USA"]
[SourceTitle "EXT 2001"]
[Source "ChessBase"]
[SourceDate "2000.11.22"]
[SourceVersion "1"]
[SourceVersionDate "2000.11.22"]
[SourceQuality "1"]

1. Nf3 d5 2. c4 e6 3. d4 Nf6 4. g3 dxc4 5. Bg2 a6 6. 0-0 Nc6 7. a4 Rb8 8. a5 b5 9. axb6 cxb6 10. Bf4 Bd6 11. Ne5 Ne7 12. Nxc4 Bxf4 13. gxf4 0-0 14. e3 b5 15. Ne5 Nfd5 16. Qh5 g6 17. Qh4 f6 18. Nd3 Nf5 19. Qh3 e5 20. Qf3 Bb7 21. Qg4 Ndxe3 22. fxe3 Nxe3 23. Qe6+ Kh8 24. Bxb7 Qxd4 25. Rf2 Rxb7 26. Ra3 e4 27. Qc6 Rd7 28. Ne1 Ng4 29. Qc2 Nxf2 30. Qxf2 Qd1 31. Nc3 Qg4+ 32. Qg3 Qf5 33. Qe3 Re8 34. Rxa6 g5 35. fxg5 Rg7 36. Ng2 Rxg5 37. Ne2 Qf3 0-1